000 00687nam a2200157 i 4500
001 bg
245 0 _aAnalytical models and new concepts in mechanics of structural concrete :
_b[proceedings of the] International Conference Białystok, Poland 6-8 V 1993r /
_cCivil Engineering Committee of the Polish Academy of Sciences. Section of Connrete Structures, Białystok University of Technology. Institute of Civil Engineering.
260 _aBiałystok :
_bUT,
_c1993.
300 _a474 s. :
_brys., wykr. ;
_c24 cm.
504 _aBibliogr. przy ref.
040 _cBPK
041 _apol
080 _a624.01/.07:666.97/.98](061.3)
942 _cKS
008 s pl f |000 0 pol
999 _c29956
_d29956
856 _uhttp://koha.tu.koszalin.pl/cgi-bin/koha/opac-detail.pl?biblionumber=29956
_yKatalog online BPK